000 00562nam a22001577a 4500
999 _c63339
_d63339
005 20250919151227.0
008 250919s1989 gw ||||| |||| 00| 0 goh d
020 _a3323000331x
041 _agoh
080 _a81'374.221=112 S-98
245 _aSynonymwörterbuch :
_bSinnverwandte Ausdrücke der deutschen Sprache.
264 _aLeipzig :
_bVEB Bibliographisches Institut,
_c1989.
300 _a643 p.;
_b22 cm.
653 _aსინონიმების ლექსიკონი გერმანულ ენაში
942 _2udc
_cᲬᲘᲒᲜᲘ